History by Images - 'S' - Statistics

General Stats
  • This quiz has been taken 44 times
  • The average score is 7 of 16
Answer Stats
Picture Hint Answer % Correct
Ancient Indian language Sanskrit
88%
Ancient trade route Silk Road
88%
Athens' rival Sparta
78%
Indigenous Japanese faith Shinto
73%
Salah ad-Din Yusuf ibn Ayyub Saladin
60%
Trigger place of WWI Sarajevo
58%
Major battle of the Eastern Front Stalingrad
55%
The 'Magnificent' Ottoman Sultan Suleiman
50%
Chinese military general Sun Tzu
33%
İzmir Smyrna
23%
Ancient landmass Angaraland Siberia
18%
Occupied by Portuguese in 1507 Socotra
10%
12th century Scottish castle Stirling Castle
8%
Former capital of Byzantine empire Syracuse
8%
Ancient Eastern Iranian people Scythians
5%
Macedonian general Seleucus I Nicator
0%
No matching quizzes found
Score Distribution
Percent of People with Each Score
Percentile by Number Answered
Your Score History
You have not taken this quiz